| 000 | 00981nam a22003137a 4500 | ||
|---|---|---|---|
| 003 | CHAP | ||
| 005 | 20220329135116.0 | ||
| 008 | 971013s1977 r 00010 d | ||
| 010 | _a31050 | ||
| 011 | _a32022 | ||
| 035 | _a36134 | ||
| 040 | _cCHAP | ||
| 082 |
_a338.16 _bL6 |
||
| 100 | 0 | 0 |
_aLockeretz, William. _967410 |
| 245 | _aAgriculture and energy | ||
| 260 |
_aNew York : _bAcademic Press, _c1977 |
||
| 300 |
_a750 p. _b: gráfs. |
||
| 490 | _aAcademic press rapid manuscript reproduction | ||
| 590 |
_aBATCH-UPD _b10 _c20130110 _lUCH01 _h1612 |
||
| 590 |
_aBATCH-UPD _b10 _c20130410 _lUCH01 _h1007 |
||
| 590 |
_aBATCH-UPD _b10 _c20130914 _lUCH01 _h1312 |
||
| 590 |
_aCONVERSION _b10 _c20130109 _lUCH01 _h1318 |
||
| 650 | 1 | 4 |
_aEnergía y agricultura. _936915 |
| 650 | 1 | 4 |
_aEnergía _xConsumo. _936884 |
| 830 | 0 |
_aAcademic press rapid manuscript reproduction _9387 |
|
| 901 | _aBK | ||
| 942 | _cLIBRO | ||
| 949 |
_a338.16 L6 _bBC _cLIBRO _d33724000155727 _eLIBRO _h46202 _i36134 _si |
||
| 999 |
_c31050 _d31050 |
||